000 00337nam a2200157Ia 4500
003 OSt
005 20231109035638.0
008 170524s9999 xx 000 0 und d
020 _a1900518570
040 _cIIMT
100 _aNichols- Annie
245 0 _aPotatoes
260 _bRyland Peters& Small
260 _c1998
942 _2ddc
_c02
999 _c7080
_d7080